000 00302nam a22001217a 4500
999 _c9884
_d9884
003 OSt
008 201203b ||||| |||| 00| 0 eng d
245 _aFinance India
250 _a2011(Dec Vol.25 No.4)
260 _bIndian Institute of Finance
_aGreater Noida
650 _aManagement
942 _2ddc
_cBV